Windows 95 Start Menu Quiz Stats

 Plays Quiz Updated Feb 28, 2020

Support Sporcle.
Go Orange.
Score 0/7 Timer 03:00
0 Plays Today
% Correct
Programs
75.4%
Settings
69.2%
Documents
63.3%
Shut Down...
59.1%
Run...
47.1%
Find
41.8%
Help
38.9%

From the Vault

101 More Clickable Author Surnames

by MSUKent

We're not on a first name basis with them and we're feeling big on formalities today.
Remove Ads.
Support Sporcle.
Get the best of Sporcle when you Go Orange. This ad-free experience offers more features, more stats, and more fun while also helping to support Sporcle. Thank you for becoming a member.

Show Comments

Extras

Top Quizzes Today


Score Distribution

Your Account Isn't Verified!

In order to create a playlist on Sporcle, you need to verify the email address you used during registration. Go to your Sporcle Settings to finish the process.

Report this User

Report this user for behavior that violates our Community Guidelines.

Details: